00389nam a2200133Ia 4500003000400000008004100004040001600045082002200061100003200083245007300115490002200188650001900210650002600229GCL140319s9999 xx 000 0 ara d aGCL / cGCL04aطb372.01bع ا1 aعاطف عبدالرشيد10aالوان حروف الصناعية / cعاطف عبدالرشيد aاطفالناv004aالاطفال04aقصص الاطفال